| Tag |
First Indicator |
Second Indicator |
Subfields |
| LEADER |
00000cam a2200000 a 4500 |
| 001 |
in00001505213 |
| 005 |
20151021084320.0 |
| 008 |
990804s1998 enka 000 0 eng d |
| 020 |
|
|
|a 1899235965
|
| 035 |
|
|
|a (OCoLC)42012289
|
| 035 |
|
|
|9 AJJ7093AM
|
| 040 |
|
|
|a ILU
|c ILU
|d TXA
|d UtOrBLW
|
| 043 |
|
|
|a a-br---
|
| 049 |
|
|
|a TXAM
|
| 090 |
|
|
|a DS528.2.K35
|b C47 1998b
|
| 100 |
1 |
|
|a Chapman, Dean,
|d 1965-
|
| 245 |
1 |
0 |
|a Karenni /
|c Dean Chapman.
|
| 250 |
|
|
|a 5th ed.
|
| 264 |
|
1 |
|a [Stockport, England] :
|b Dewi Lewis,
|c [1998]
|
| 264 |
|
4 |
|c ©1998
|
| 300 |
|
|
|a 101 pages :
|b illustrations ;
|c 22 x 30 cm.
|
| 336 |
|
|
|a text
|b txt
|2 rdacontent
|
| 337 |
|
|
|a unmediated
|b n
|2 rdamedia
|
| 338 |
|
|
|a volume
|b nc
|2 rdacarrier
|
| 500 |
|
|
|a "European publishers award for photography 1998"--P. [5].
|
| 650 |
|
0 |
|a Karen (Southeast Asian people)
|v Pictorial works.
|
| 650 |
|
0 |
|a Guerrillas
|z Burma
|v Pictorial works.
|
| 948 |
|
|
|a c:en
|
| 999 |
|
|
|a MARS
|
| 999 |
f |
f |
|s d435ee75-da6a-3d2a-bd0a-ace3f535f2a4
|i 6013bdf1-34d3-3c02-b4ea-2fa2e80dd15a
|t 0
|
| 952 |
f |
f |
|p ric
|a Texas A&M University
|b Rellis Campus
|c Joint Library Facility
|d Remote Storage
|t 0
|e DS528.2.K35 C47 1998b
|h Library of Congress classification
|i unmediated -- volume
|m A14825170631
|
| 998 |
f |
f |
|a DS528.2.K35 C47 1998b
|t 0
|l Remote Storage
|